000 03781nas a22002537a 4500
003 NALT
005 20251007141534.0
006 a|||p|r|||| 00| 0
007 ta
008 251007b th |||p| |||| 00| 0 tha d
040 _aNALT
041 _atha
245 0 0 _aดุลพาห ปีที่ 54 เล่ม 3 (กันยายน-ธันวาคม 2550).
260 _aอรุณการพิมพ์.
310 _aรายสี่เดือน
500 _aวารสารเย็บเล่ม
505 2 _aปีที่ 54 เล่ม 3 ก.ย.-ธ.ค. 2550 -- ความยุติธรรมตามธรรมชาติและความยุติธรรมตามกฎหมาย : ข้อวินิจฉัยตามฎีกาที่ 5520/2549 (ผู้ให้กู้ยืมเงินปิดอากรแสตมป์ไม่ครบ ต้องแพ้คดีได้หรือไม่) -- กรณีกฎหมายสันนิษฐานความรับผิดซ้อนกัน -- ความสำคัญของแพทย์นิติเวชกับกระบวนการยุติธรรม -- ตั้งทนายให้ผี -- การใช้ดุลพินิจในคดีแพ่ง -- การแยกคดีพาณิชย์ออกจากคดีแพ่ง -- ถ้าเราปล่อยให้เงินบาทแข็งค่าขึ้นโดยเสรีอย่างจริงจัง ประเทศไทยจะพ้นจากภาวะการส่งออกสะดุดและประชาชนจะมีฐานะดีขึ้นมาก และถ้าเราให้มีการแข่งขันเสรีสูงมากในการประกอบการทุกอย่าง รวมทั้งปรับปรุงกฎหมายให้ดีด้วย ประชาชนไทยก็จะมีฐานะและรายได้ใกล้เคียงกับยุโรปตะวันตกและไต้หวัน ภายในสิบกว่าปี -- อำนาจดำเนินคดีกับเจ้าหน้าที่ของรัฐระดับต่ำของคณะกรรมการ ป.ป.ช. ในปัจจุบัน -- ข้อพิจารณาบางประการและผลกระทบของร่างพระราชบัญญัติ ความรับผิดต่อความเสียหายที่เกิดขึ้นจากสินค้าที่ไม่ปลอดภัย พ.ศ. .... -- การจัดการความขัดแย้งในวิถีทางความยุติธรรมเชิงสมานฉันท์ -- ความจำเป็น (Der Notstand) ตามมาตรา 35 ประมวลกฎหมายอาญาเยอรมัน -- สัมผัสคดีดังต่างประเทศ : สัมผัสคดีเกี่ยวกับหน้าที่ของผู้ผลิตยาที่ต้องเตือนถึงอันตรายที่อาจจะเกิดจากยาที่ผลิต.
650 0 _aกระบวนการยุติธรรม
_930681
850 _aNALT
866 _aปีที่ 54 เล่ม 3 (กันยายน-ธันวาคม 2550).
942 _cBOUND
996 _aaroonthip.c
_bLIBSTF
_c2025-10-07
999 _c107332
_d107332
998 _h179
_j179
_k นางสาวอรุณทิพย์ จันทร์ดิษฐ์